=LDR 00000nam 2200000 4500 =001 INLIS000000000014507 =005 20210204014749 =035 ##$$a 0010-061300000014507 =008 210204################g##########0#ind## =041 ##$$a Ind =082 ##$$a 338.959 8 =090 ##$$a 338.959 8, Mau m =245 ##$$a Mau kemana pembangunan ekonomi Indonesia? : $b Prisma pemikiran /$c Prof. Dr. Dorodjatun Kuntjoro- Jakti, editor, Yanto Bashri =260 ##$$a Bogor :$b Prenada Media,$c 2003 =300 ##$$a xxv, 390 hlm, ; $c 23 x 15 cm. =650 #4$$a Pembangunan Ekonomi =700 #$$a Bashri, Yanto =850 ##$$a NBPNMAT =020 ##$$a 979-3464-01-1 =084 ##$$a 338.959 8 MAU m =990 ##$$a 30500227 =990 ##$$a 30500228 =990 ##$$a 30500229 =990 ##$$a 30500230 =990 ##$$a 30708600 =990 ##$$a 30708601 =990 ##$$a 30708602 =990 ##$$a 30708603 =990 ##$$a 40600336 =990 ##$$a 40600335 =990 ##$$a 30708603 =990 ##$$a 30500227 =990 ##$$a 30500228 =990 ##$$a 30500229 =990 ##$$a 30500230 =990 ##$$a 30708600 =990 ##$$a 30708601 =990 ##$$a 30708602 =990 ##$$a 40600336 =990 ##$$a 40600335 =990 ##$$a 30708602 =990 ##$$a 30500227 =990 ##$$a 30500228 =990 ##$$a 30500229 =990 ##$$a 30500230 =990 ##$$a 30708600 =990 ##$$a 30708601 =990 ##$$a 30708603 =990 ##$$a 40600336 =990 ##$$a 40600335 =990 ##$$a 30708601 =990 ##$$a 30500227 =990 ##$$a 30500228 =990 ##$$a 30500229 =990 ##$$a 30500230 =990 ##$$a 30708600 =990 ##$$a 30708602 =990 ##$$a 30708603 =990 ##$$a 40600336 =990 ##$$a 40600335 =990 ##$$a 30708600 =990 ##$$a 30500227 =990 ##$$a 30500228 =990 ##$$a 30500229 =990 ##$$a 30500230 =990 ##$$a 30708601 =990 ##$$a 30708602 =990 ##$$a 30708603 =990 ##$$a 40600336 =990 ##$$a 40600335 =990 ##$$a 30708600 =990 ##$$a 30500227 =990 ##$$a 30500228 =990 ##$$a 30500229 =990 ##$$a 30500230 =990 ##$$a 30708601 =990 ##$$a 30708602 =990 ##$$a 30708603 =990 ##$$a 40600336 =990 ##$$a 40600335 =990 ##$$a 30500230 =990 ##$$a 30500227 =990 ##$$a 30500228 =990 ##$$a 30500229 =990 ##$$a 30708600 =990 ##$$a 30708601 =990 ##$$a 30708602 =990 ##$$a 30708603 =990 ##$$a 40600336 =990 ##$$a 40600335 =990 ##$$a 30500229 =990 ##$$a 30500227 =990 ##$$a 30500228 =990 ##$$a 30500230 =990 ##$$a 30708600 =990 ##$$a 30708601 =990 ##$$a 30708602 =990 ##$$a 30708603 =990 ##$$a 40600336 =990 ##$$a 40600335 =990 ##$$a 30500228 =990 ##$$a 30500227 =990 ##$$a 30500229 =990 ##$$a 30500230 =990 ##$$a 30708600 =990 ##$$a 30708601 =990 ##$$a 30708602 =990 ##$$a 30708603 =990 ##$$a 40600336 =990 ##$$a 40600335 =990 ##$$a 30500227 =990 ##$$a 30500228 =990 ##$$a 30500229 =990 ##$$a 30500230 =990 ##$$a 30708600 =990 ##$$a 30708601 =990 ##$$a 30708602 =990 ##$$a 30708603 =990 ##$$a 40600336 =990 ##$$a 40600335 =990 ##$$a 30708600 =990 ##$$a 30500227 =990 ##$$a 30500228 =990 ##$$a 30500229 =990 ##$$a 30500230 =990 ##$$a 30708601 =990 ##$$a 30708602 =990 ##$$a 30708603 =990 ##$$a 40600336 =990 ##$$a 40600335 =990 ##$$a 14551455 =990 ##$$a 16786/pb-2004 =990 ##$$a 30500227 =990 ##$$a 30500228 =990 ##$$a 30500229 =990 ##$$a 30500230 =990 ##$$a 30708600 =990 ##$$a 30708601 =990 ##$$a 30708602 =990 ##$$a 30708603 =990 ##$$a 40600336 =990 ##$$a 16786/pb-2006 =990 ##$$a 30500227 =990 ##$$a 30500228 =990 ##$$a 30500229 =990 ##$$a 30500230 =990 ##$$a 30708600 =990 ##$$a 30708601 =990 ##$$a 30708602 =990 ##$$a 30708603 =990 ##$$a 40600336 =990 ##$$a 30708603 =990 ##$$a 30500227 =990 ##$$a 30500228 =990 ##$$a 30500229 =990 ##$$a 30500230 =990 ##$$a 30708600 =990 ##$$a 30708601 =990 ##$$a 30708602 =990 ##$$a 40600336 =990 ##$$a 16786/pb-2006